00344nam a2200109Ia 4500008004100000082001600041100001700057245004200074942000600116952009700122999001500219240331s9999 xx 000 0 und d a300.72bGAN aGanesan, S.N 0aAiviyal koypatukalum ceyal muraikalum cL 001040708LaWERCLbWERCLcSSCd2024-03-31l0o 300.72 GANp804r2024-03-31w2024-03-31yL c1000d1000